000 01339nam a2200325 4500
003 EG-GICUC
005 20260121101215.0
008 251112s2013 ua ||||fr|||| 00| 0 ara d
017 _a201316898
020 _a9789770473863
040 _a EG-GICUC
_bara
_c EG-GICUC
_d EG-GICUC
_erda
041 0 _aara
082 0 4 _221
_a341.83
_bن ا . م
092 0 4 _221
099 _aLaw1  12 341.83 ن ا . م 1 ed - 2013
100 0 _aناصر عثمان محمد عثمان
_eمؤلف.
245 1 0 _aمبدأ المعاملة بالمثل في نطاق القانون الدولي الخاص/
_cناصر عثمان محمد عثمان.
250 _aالطبعة الاولى
264 1 _aالقاهرة؛
_bدار النهضة العربية،
_c2013.
300 _a173 ؛صفحة
_c24 سم
336 _2rda content
_atext
337 _2rda media
_aComputer
338 _2rda carrier
_aOnline Resource
504 _aيحتوي على ارجاعات ببليوجرافية يحتوي على قائمة بالمراجع
546 _aالنص أغلبه باللغة العربية بعض النصوص الإنجليزية والفرنسية
650 1 _aالأجانب -- مركز قانوني -- قانون دولي
856 4 0 _uhttps://fll.law.cu.edu.eg/fulltext/bks/B12-01279.pdf
905 _a75
942 _2ddc
_n0
_cBK
_e21
999 _c42919
_d42919